| 000 | 00879nam a2200217 a 4500 | ||
|---|---|---|---|
| 001 | 000251060 | ||
| 003 | AM-YeHGA | ||
| 005 | 20250618071702.0 | ||
| 008 | 030729s1904 gs 000 | arm d | ||
| 040 | _aAM-YeHGA | ||
| 041 | 1 |
_aarm _hrus |
|
| 100 | 1 | _aՍումբատով, Ա. | |
| 245 | 1 | 0 |
_aԴաւաճանութիւն : _bԴրամատիկական լեգենդա Վրաստանի անցեալից : Հինգ գործողութեամբ / _cԱ. Սմբատով; Թարգմ.՝ Ջ. Տէր-Գրիգորեան. |
| 260 |
_aԹիֆլիս : _bտպ. Հերմէս, _c1904. |
||
| 300 |
_a155 էջ ; _c18 սմ. |
||
| 500 | _aԱրտատպւած Տարազից | ||
| 650 | 1 | 4 |
_aՌուս գրականություն _xԹատերգություն |
| 700 | 1 |
_aՏեր-Գրիգորյան, Ջալալ Հովհաննեսի, _d1866-1940 _eթարգմ. _4trl _92826 |
|
| 942 |
_2udc _cBK |
||
| 090 | _c91262 | ||
| 999 |
_c89973 _d89973 |
||